Noms de groupes traduits en français - Statistiques

Statistiques générales
  • Ce quiz a été pris 74 838 fois
  • Le résultat moyen est 12 sur 20
Statistiques - réponses
Français Anglais % Correct
Jour vert Green Day
95%
Les Portes The Doors
95%
Aigles Eagles
91%
Une Direction One Direction
91%
Les pierres qui roulent The Rolling Stones
89%
Embrasser Kiss
88%
Nouvel ordre New Order
84%
Terre, Vent et Feu Earth, Wind and Fire
79%
Les Garçons de la Plage The Beach Boys
79%
Parle Parle Talk Talk
72%
Jeu froid Coldplay
66%
Piments rouges piquants Red Hot Chili Peppers
65%
Les Rayures Blanches The White Stripes
47%
Colère contre la Machine Rage Against the Machine
41%
Les pois (doliques) à oeil noir The Black Eyed Peas
36%
Le souterrain de velours The Velvet Underground
24%
Reines de l'âge de pierre Queens of The Stone Age
20%
Noeud glissant Slipknot
15%
Roi cramoisi King Crimson
9%
Situation desespérée Dire Straits
4%
Aucun quiz correspondant
Distribution des résultats
% des personnes avec chaque résultat
Percentile par nombre de réponses
Votre historique - résultats
Vous n’avez pas pris ce quiz